000 00468nam a2200193Ia 4500
005 20250326124019.0
008 250326s9999 xx 000 0 und d
037 _aTextbook
040 _aFMSL
_beng
_cFMSL
041 _aeng
_2eng
084 _aX L2
_qFMSL
100 _aLipsey R G
245 0 _aPositive economics
_cLipsey R G
250 _a3
260 _aUS
_bUS, E L B S
_c1972
300 _a740p
942 _cTB
_hX L2
999 _c1271897
_d1271897